00581nam a2200145 a 450000100100000000500170001000800410002704000250006810000350009324500880012826000770021630000200029395201050031399900170041800003672320200930075910.0120126s1964 ve 000 0 spa d aDO-SdBNPbspacBNPHU1 aLópez Guedez, Horacio96086413aUn aspecto de la pacificación de América (1810-1814) /cHoracio López Guedez. aMerida :bBiblioteca de la Facultad de Humanidades y Educación,c1964. a90 p. ;c23 cm. 001050718MOaGRbGRcCTd2012-01-26iLF1l0o p36723-10r2020-06-25w2020-06-25y1ZNo se presta c36214d36214